| 000 | 01060cab a2200253 4500 | ||
|---|---|---|---|
| 001 | ABS67624 | ||
| 008 | 040322n2004 000 0 eng u | ||
| 035 | _a(Sirsi) u125509 | ||
| 100 | _aMenary, S. | ||
| 245 | _aPlanning slumps | ||
| 260 | _c2004 | ||
| 490 |
_aHouseBuilder _v63(2) March 2004,34-36(3) |
||
| 520 | _aReports on the fourth quarter 2003 Emap Glenigan survey of new building submissions across England, Wales and Scotland. The survey reveals a substantial slowdown in many parts of the UK in 2003 despite the government's drive for new housing. Overall house builders want to construct more homes per site as submissions fell by a quarter to 173 but the number of units fell only marginally to 9 762 compared to 10 697 in 2002. Tables cover the top 10 house builders for each region. | ||
| 590 | _aABS | ||
| 650 | _aHOUSE BUILDERS | ||
| 650 | _aNEW HOUSES | ||
| 650 | _aENGLAND | ||
| 650 | _aRANKINGS | ||
| 650 | _aSCOTLAND | ||
| 650 | _aWALES | ||
| 650 | _aPLANNING APPLICATIONS | ||
| 690 | _aHOUSING-DEVELOPMENT | ||
| 942 | _n0 | ||
| 999 |
_c74285 _d74285 |
||